Clínica obstétrica / (Record no. 106965)

MARC details
000 -LEADER
campo de control de longitud fija 00439nam a2200157 4500
001 - NÚMERO DE CONTROL
campo de control 106965
003 - IDENTIFICADOR DE NÚMERO DE CONTROL
campo de control ES-MaACL
007 - CAMPO FIJO DE DESCRIPCIÓN FÍSICA--INFORMACIÓN GENERAL
campo de control de longitud fija t|
008 - DATOS DE LONGITUD FIJA--INFORMACIÓN GENERAL
campo de control de longitud fija 061121s1942 ag r ||||1| spa d
100 1# - ENTRADA PRINCIPAL--NOMBRE DE PERSONA
Nombre de persona Moragues Bernat, Jaime.
9 (RLIN) 82926
245 10 - MENCIÓN DEL TÍTULO
Título Clínica obstétrica /
Mención de responsabilidad, etc. Jaime Moragues Bernat.
250 ## - MENCION DE EDICION
Mención de edición 2.ª ed.
260 ## - PUBLICACIÓN, DISTRIBUCIÓN, ETC.
Lugar de publicación, distribución, etc. Buenos Aires :
Nombre del editor, distribuidor, etc. El Ateneo,
Fecha de publicación, distribución, etc. 1942.
300 ## - DESCRIPCIÓN FÍSICA
Extensión 900 p. :
Otras características físicas 1 lám ;
Dimensiones 25 cm.
852 ## - LOCALIZACIÓN
Ubicación ES-MaACL
Número de control de estantería E-53
Sublocalización o colección R.21713
Holdings
Estatus retirado Estado de pérdida Estado de daño No para préstamo Biblioteca de origen Biblioteca actual Ubicación en estantería Fecha de adquisición Fuente de adquisición Total de préstamos Signatura topográfica completa Código de barras Visto por última vez Precio de reemplazo Tipo de ítem Koha
        Biblioteca del Ateneo de Madrid Biblioteca del Ateneo de Madrid Depósito 2 17/01/2008     E-53 1111647 23/02/2023 23/02/2023 Libro impreso